000 00490cam a22002172a 4500
001 003433
003 AR-FADEU
008 311216n1988####xxu####################dd
020 _a0-345-36028-1
092 _a813.54
_bE53
100 _aEmerson, Earl W.
245 _aDeviant behavior
260 _aNew York
260 _bBallantine
260 _c1988
300 _a213 p
440 _aMystery
650 _aLITERATURA NORTEAMERICANA-NOVELA
546 _aInglés
942 _cBDGR
999 _c9263
_d9263